00578nam a2200205 a 450000100060000000300090000600800410001502000150005604000280007108200180009910000330011724500300015026000410018030000110022149000250023259000470025765000390030494200120034399900170035520021CO-ViMGA141112s2004 ck r 000 u spa d a9582700386 aCO-ViMGAbspacCO-ViMGA04aCo863.6 P374v1 aPergolis, Juan Carlos92905610aVentanal de un sexto piso aBogotá : bArango Editores, c2000 a166 p. aNarrativa Colombiana aForma de adquisición : Premio Mincultura14aNOVELA COLOMBIANA - SIGLO XX92058 2ddccBK c29138d29138